000 00370pam a2200157a 44500
008 230515b1986 xxu||||| |||| 00| 0 eng d
020 _aNULL
041 _aENGLISH
082 _aREY/THE
100 _aREYNOLDS G. W. / THEIRAUT R. J.
245 _aSYSTEMS ANALYSIS AND DESIGN
250 _aNULL
260 _aNULL
_bC.B.S
_c1986
300 _a509 HB
650 _aNULL
999 _c620325
_d620325